Statistics for Chair Airlines Destinations

Click here to take the quiz!

General Stats

  • This quiz has been taken 17 times
  • The average score is 13 of 20

Answer Stats

CountryAnswer% Correct
LebanonBeirut
85%
SwitzerlandZürich
85%
SwitzerlandBasel
77%
BulgariaBurgas
77%
SwitzerlandGeneva
77%
CyprusLarnaca
77%
CroatiaSplit
77%
GreeceHeraklion
69%
EgyptHurghada
69%
GreeceRhodes
69%
EgyptSharm El Sheikh
69%
GreeceKos
62%
MacedoniaOhrid
62%
KosovoPristina
62%
CroatiaZadar
62%
SpainIbiza
54%
EgyptMarsa Alam
54%
TunisiaDjerba
46%
FranceCalvi
23%
MacedoniaSkjope
23%

Score Distribution

Percentile by Number Answered

Percent of People with Each Score

Your Score History

You have not taken this quiz